|
|
|
|
| LEADER |
00976nam a2200265 a 4500 |
| 001 |
407 |
| 003 |
BD-DhAAL |
| 005 |
20150309110523.0 |
| 008 |
150309s1995 nyua b 001 0 eng |
| 010 |
|
|
|a 94047270
|
| 020 |
|
|
|a 0070240620 :
|c $45.00
|
| 040 |
|
|
|a DLC
|c DLC
|d DLC
|d BD-DhAAL
|
| 050 |
0 |
0 |
|a TK6575
|b .G65 1995
|
| 082 |
0 |
0 |
|a 621.3848
|2 20
|
| 100 |
1 |
|
|a Gould, Frederick L.
|9 9243
|
| 245 |
1 |
0 |
|a Radar for technicians :
|b installation, maintenance, and repair /
|c Frederick L. Gould.
|
| 260 |
|
|
|a New York :
|b TAB Books,
|c 1995.
|
| 300 |
|
|
|a xviii, 277 p. :
|b ill. ;
|c 24 cm.
|
| 504 |
|
|
|a Includes bibliographical references (p. 270-271) and index.
|
| 541 |
|
|
|e 407
|
| 650 |
|
0 |
|a Radar.
|9 9244
|
| 650 |
|
0 |
|a Radar
|x Maintenance and repair.
|9 9245
|
| 942 |
|
|
|2 ddc
|c BK
|
| 999 |
|
|
|c 33934
|d 33934
|
| 952 |
|
|
|0 0
|1 0
|2 ddc
|4 0
|6 621_384800000000000_GOU
|7 0
|9 52967
|a SCL
|b SCL
|c GEN
|d 2015-03-09
|e Gift: The Asia Foundation
|l 1
|m 2
|o 621.3848 GOU
|p 3020000407
|r 2019-03-11
|s 2019-02-09
|t 1
|w 2015-03-09
|y BK
|